|
|
|
|
| LEADER |
00000cac a2200000 a 4500 |
| 003 |
Ucuenca |
| 005 |
20230308201727.0 |
| 008 |
998050|1996 ec |||||r|||||||||||spa|| |
| 040 |
|
|
|b spa
|
| 041 |
0 |
|
|a en
|
| 082 |
0 |
|
|a 819
|
| 100 |
1 |
|
|a Youman, Ion
|9 27084
|
| 245 |
|
|
|a Early english literature in America
|c Ion Youman
|h imp
|
| 264 |
|
|
|a Cuenca
|b Universidad de Cuenca
|c 1996
|
| 300 |
|
|
|a 133 páginas:
|b ilu
|c 21.5 cm
|
| 490 |
|
|
|a Cuadernos Universitarios
|n no. 5
|
| 504 |
|
|
|a incl. ref.
|
| 650 |
|
|
|a Literatura norteamericana
|9 1591
|
| 852 |
|
|
|a UC-CDJBV
|f Donación
|k npena
|l 1
|m General
|p 19980504
|r 2
|b 0
|d CDRC
|e CDRC
|g 819 TERCER PISO
|z 1998-80-50
|
| 942 |
|
|
|c CR
|2 ddc
|r paola.amaya@ucuenca.edu.ec
|
| 999 |
|
|
|c 98026
|d 98026
|